01750nab a2200421 i 450000100060000000300080000600500170001400600190003100700150005000800410006502200140010603500210012004000310014105000190017208000100019108200170020110000290021824500950024726400740034230000450041631000200046133600310048133700330051233800430054536200370058858801280062559001640075365000370091765000400095465000560099465000600105065500320111070000360114277300530117879700190123185600610125099900170131124478FlNmELB20241216214154.0m o d | cr cnu||||||||141215c19859999sp tr p o 0 b0spa d z0034-7639 a(OCoLC)991927538 aFINmELBbspaerdacFINmELB 4aK8b.T686 1985 a342.90 a342.83062231 aTornos Más, Joaquín.10aContencioso-administrativo :ben general /cJoaquín Tornos Más, Tomás Font i Llovet. 1a[Madrid] :bCentro de estudios políticos y constitucionales,c1985. a1 recurso en línea (páginas 233-281) a[Cuatrimestral] atextobtxt2rdacontent/spa acomputadorabc2rdamedia/spa arecurso en líneabcr2rdacarrier/spa0 aNúmero 106 (Enero-Abril 1985)- aDescripción basada en recurso en línea; Título de la página del título en PDF (e-libro, visto December 15, 2014). aRecurso electrónico. Santa Fe, Arg.: e-libro, 2015. Disponible vía World Wide Web. El acceso puede estar limitado para las bibliotecas afiliadas a e-libro. 0aAdministrative lawvPeriodicals. 0aPublic administrationvPeriodicals. 4aDerecho administrativovPublicaciones periódicas. 4aAdministración públicavPublicaciones periódicas. 4aArtículos electrónicos.1 aFont i Llovet, Tomás,eautor.0 tRevista de administración públicax0034-76392 ae-libro, Corp.40uhttps://elibro.net/ereader/politecnicointernacional/2399 c24478d24478